000 013500000a22004210004500
090 _aAR
_b04533
100 1 _aFonseca, Carlos R.
_998514
700 1 _aGanade, Gislene
_998515
700 1 _aBaldiserra, Ronei
_998516
700 1 _aBecker, Carlos G.
_998517
700 1 _aBoelter, Carlos R.
_998518
700 1 _aBrescovit, Antonio D.
_998519
700 1 _aCampos, Lucas M.
_998520
700 1 _aFleck, Tomás
_998521
700 1 _aFonseca, Vaanda S.
_998522
700 1 _aHartz, Sandra M.
_998523
700 1 _aJoner, Fernando
_998524
700 1 _aKaffer, Marcia I.
_998525
700 1 _aLeal Zanchet, Ana M.
_998526
700 1 _aMarcelli, Marcelo P.
_998527
700 1 _aMesquita, Alex S.
_998528
700 1 _aMondin, Claudio A.
_998529
700 1 _aPaz, Claudia P.
_998530
700 1 _aPetry, Maria V.
_998531
700 1 _aPiovensan, Fabio N.
_998532
700 1 _aPutzke, Jair
_998533
700 1 _aStranz, Anamaría
_998534
700 1 _aVergara, Micheline
_998535
700 1 _aVieira, Emerson M.
_998536
245 1 0 _aTowards an ecologically-sustainable forestry in the Atlantic forest
041 0 _aInglés
650 1 4 _aAraucaria
_998537
650 1 4 _aBosques
_992270
650 1 4 _aSostenibilidad
_992744
651 4 _pBrasil
_992749
942 _cARTICULO
773 1 _tBiological conservation
_q1209-1219
_d2009
_g141
999 _c13633
_d13633